[Event "Annual NY Fall Futurity 15th"]
[Site "New York"]
[Date "2004.11.13"]
[Round "3"]
[White "Paciulli, Frank"]
[Black "Grechikhin, Vladimir"]
[Result "0-1"]
[WhiteElo "1848"]
[BlackElo "2200"]
[PlyCount "76"]
[EventDate "2004.11.15"]
[EventType "swiss"]
[EventRounds "5"]
[EventCountry "USA"]
[SourceTitle "EXT 2008"]
[Source "ChessBase"]
[SourceDate "2007.11.25"]
[SourceVersion "1"]
[SourceVersionDate "2007.11.25"]
[SourceQuality "1"]

1. e4 e5 2. Nf3 Nc6 3. Bb5 a6 4. Bxc6 dxc6 5. 0-0 Qe7 6. d4 Bg4 7. dxe5 Rd8 8. Qe2 Bxf3 9. Qxf3 Qxe5 10. Nc3 Bd6 11. g3 Ne7 12. Be3 0-0 13. Rad1 Ng6 14. Bd4 Qe6 15. Qh5 f5 16. exf5 Rxf5 17. Qe2 Qf7 18. Rfe1 c5 19. Be3 Re8 20. Rf1 Ne5 21. b3 Nf3+ 22. Kg2 b5 23. Qd3 c4 24. bxc4 bxc4 25. Qe2 Bb4 26. Nb1 Kh8 27. Rh1 Qe6 28. h4 Qe4 29. Kh3 h5 30. c3 Bc5 31. Nd2 Qg4+ 32. Kg2 Bxe3 33. Nxf3 Ref8 34. fxe3 Rxf3 35. Qe1 Qe4 36. Kg1 Rxe3 37. Qd2 Rxg3+ 38. Kh2 Qxh4# 0-1

[Event "Foxwoods op 06th"]
[Site "Connecticut"]
[Date "2004.04.09"]
[Round "4"]
[White "Grechikhin, Vladimir"]
[Black "Karklins, Andrew"]
[Result "1-0"]
[WhiteElo "2191"]
[BlackElo "2300"]
[PlyCount "55"]
[EventDate "2004.04.07"]
[EventType "swiss"]
[EventRounds "9"]
[EventCountry "USA"]
[SourceTitle "CBM 099 Extra"]
[Source "ChessBase"]
[SourceDate "2004.05.04"]
[SourceVersion "1"]
[SourceVersionDate "2004.05.04"]
[SourceQuality "1"]

1. e4 e5 2. Nf3 Nc6 3. d4 exd4 4. Nxd4 Bc5 5. Nxc6 bxc6 6. Bc4 d5 7. exd5 Bxf2+ 8. Kxf2 Qh4+ 9. g3 Qxc4 10. Re1+ Ne7 11. Nc3 Bg4 12. Qd2 Rd8 13. Qg5 0-0 14. Qxe7 cxd5 15. Bf4 d4 16. Qxc7 Qa6 17. Ne4 Rc8 18. Qd6 Rxc2+ 19. Kg1 Qc8 20. Rac1 h5 21. Qxd4 Bh3 22. Rxc2 Qxc2 23. Nf2 Be6 24. Be5 Rc8 25. Qe3 Rc5 26. Bc3 Rf5 27. Qd4 Rg5 28. Qd8+ 1-0

[Event "Northern Virginia op"]
[Site "Mt Vernon"]
[Date "2001.11.04"]
[Round "6"]
[White "Grechikhin, Vladimir"]
[Black "Kaufman, Larry C"]
[Result "0-1"]
[WhiteElo "2231"]
[BlackElo "2413"]
[PlyCount "79"]
[EventDate "2001.11.03"]
[EventType "swiss"]
[EventRounds "6"]
[EventCountry "USA"]
[SourceTitle "CBM 085 Extra"]
[Source "ChessBase"]
[SourceDate "2002.01.21"]
[SourceVersion "1"]
[SourceVersionDate "2002.01.21"]
[SourceQuality "1"]

1. Nf3 d5 2. c4 e6 3. b3 Nf6 4. Bb2 Nbd7 5. e3 Bd6 6. Be2 0-0 7. 0-0 b6 8. Nc3 a6 9. d4 Bb7 10. Rc1 Qe7 11. Qc2 Rac8 12. Rfd1 Rfe8 13. cxd5 exd5 14. Qf5 Rcd8 15. Bf1 c6 16. Qc2 Ne4 17. g3 f5 18. Bg2 Qf6 19. Rf1 Re7 20. Rcd1 Rde8 21. Qc1 a5 22. Rfe1 g5 23. Nd2 Re6 24. Nf1 Qe7 25. f3 Nxc3 26. Bxc3 h6 27. Qc2 Qh7 28. Bh3 Rf6 29. e4 fxe4 30. fxe4 dxe4 31. Bxd7 Qxd7 32. Rxe4 Ref8 33. Ne3 Qh3 34. Qg2 Qxg2+ 35. Nxg2 Bc8 36. Rde1 Bd7 37. Ne3 Rf2 38. Ng4 Rc2 39. Re6 Bxe6 40. Rxe6 0-1

[Event "New Hampshire op 50th"]
[Site "New Hampshire"]
[Date "2000.??.??"]
[Round "2"]
[White "Grechikhin, Vladimir"]
[Black "Kudrin, Sergey"]
[Result "0-1"]
[WhiteElo "2200"]
[BlackElo "2605"]
[PlyCount "80"]
[EventDate "2000.??.??"]
[EventType "swiss"]
[EventRounds "4"]
[EventCountry "USA"]
[SourceTitle "EXT 2003"]
[Source "ChessBase"]
[SourceDate "2002.11.25"]
[SourceVersion "1"]
[SourceVersionDate "2002.11.25"]
[SourceQuality "1"]

1. Nf3 c5 2. e4 d6 3. c3 Nf6 4. Bd3 Nc6 5. Bc2 Bg4 6. d3 g6 7. h3 Bxf3 8. Qxf3 Bg7 9. 0-0 b5 10. a4 b4 11. Nd2 Nd7 12. Bb3 0-0 13. Bd5 bxc3 14. bxc3 Bxc3 15. Ra3 Bg7 16. Bxc6 Ne5 17. Qd1 Nxc6 18. Nc4 d5 19. exd5 Qxd5 20. Ne3 Qd7 21. Qc2 Rac8 22. Kh1 Nb4 23. Qd2 Rfd8 24. Rd1 Qb7 25. Bb2 Nd5 26. Bxg7 Nxe3 27. Qxe3 Kxg7 28. Rc1 Rd5 29. Rac3 Qd7 30. Rxc5 Rcxc5 31. Rxc5 Rxd3 32. Qe5+ f6 33. Qb8 Qxa4 34. Rc8 Qa2 35. Rh8 Qf7 36. Kh2 a5 37. h4 a4 38. h5 gxh5 39. Rc8 Qe6 40. g3 Rd2 0-1

[Event "Foxwoods op 01st"]
[Site "Mashantucket"]
[Date "1999.04.03"]
[Round "4"]
[White "Grechikhin, Vladimir"]
[Black "Curdo, John"]
[Result "0-1"]
[WhiteElo "2202"]
[BlackElo "2285"]
[PlyCount "72"]
[EventDate "1999.04.??"]
[EventType "swiss"]
[EventRounds "7"]
[EventCountry "USA"]
[SourceTitle "EXT 2000"]
[Source "ChessBase"]
[SourceDate "1999.11.16"]
[SourceVersion "1"]
[SourceVersionDate "1999.11.16"]
[SourceQuality "1"]

1. Nf3 f5 2. e4 fxe4 3. Ng5 Nf6 4. d3 e5 5. Be2 Bc5 6. Nxe4 Nxe4 7. dxe4 d6 8. Bh5+ g6 9. Bf3 0-0 10. h4 Nc6 11. Bg5 Qe8 12. c3 Nd8 13. Bh6 Rf6 14. Nd2 Nf7 15. Be3 Bxe3 16. fxe3 Be6 17. Qe2 c6 18. 0-0-0 d5 19. Bg4 Nd6 20. Bxe6+ Qxe6 21. exd5 cxd5 22. g4 Raf8 23. Rh2 e4 24. g5 R6f7 25. Kb1 Nf5 26. Nb3 Qe5 27. Rh3 Nd6 28. Rh2 Nc4 29. Rdh1 Rf1+ 30. Rxf1 Rxf1+ 31. Nc1 Rf3 32. Rf2 Qf5 33. Rh2 Rxe3 34. Qd1 Rf3 35. Qa4 e3+ 36. Qc2 Nd2+ 0-1

[Event "Atlantic op"]
[Site "Washington DC"]
[Date "1998.??.??"]
[Round "1"]
[White "Kacheishvili, Giorgi"]
[Black "Grechikhin, Vladimir"]
[Result "1-0"]
[WhiteElo "2510"]
[BlackElo "2160"]
[PlyCount "75"]
[EventDate "1998.08.??"]
[EventType "swiss"]
[EventRounds "5"]
[EventCountry "USA"]
[SourceTitle "EXT 1999"]
[Source "ChessBase"]
[SourceDate "1998.11.16"]
[SourceVersion "1"]
[SourceVersionDate "1998.11.16"]
[SourceQuality "1"]

1. d4 Nf6 2. c4 c5 3. Nf3 cxd4 4. Nxd4 e5 5. Nb5 d5 6. cxd5 Bc5 7. e3 0-0 8. N5c3 e4 9. Nd2 Bf5 10. Be2 Nbd7 11. g4 Bg6 12. g5 Ne8 13. Ndxe4 Bb4 14. Qd4 Bxe4 15. Qxe4 Bxc3+ 16. bxc3 Qxg5 17. h4 Qf6 18. Qd4 Qxd4 19. exd4 Nef6 20. c4 Rfe8 21. Be3 b5 22. cxb5 Nxd5 23. Kd2 f5 24. Bf3 N7f6 25. Kd3 Rad8 26. Rab1 Ne4 27. Rhc1 Rd6 28. Rc6 Ree6 29. Rxd6 Rxd6 30. Bxe4 fxe4+ 31. Kxe4 Nc3+ 32. Ke5 Rd5+ 33. Ke6 Rd8 34. Rb3 Nd5 35. Kf5 Nc7 36. Ke5 Rd5+ 37. Ke4 Rd7 38. a4 1-0

[Event "Saratoga Springs op"]
[Site "Saratoga Springs"]
[Date "1997.??.??"]
[Round "3"]
[White "Grechikhin, Vladimir"]
[Black "Bonin, Jay R"]
[Result "0-1"]
[WhiteElo "2275"]
[BlackElo "2345"]
[PlyCount "72"]
[EventDate "1997.??.??"]
[EventType "swiss"]
[EventRounds "6"]
[EventCountry "USA"]
[SourceTitle "EXT 1998"]
[Source "ChessBase"]
[SourceDate "1997.11.17"]
[SourceVersion "1"]
[SourceVersionDate "1997.11.17"]
[SourceQuality "1"]

1. e4 c5 2. Nf3 Nc6 3. Nc3 e5 4. Bb5 a6 5. Bxc6 dxc6 6. Nxe5 Qg5 7. f4 Qxg2 8. Qf3 Qxf3 9. Nxf3 f6 10. d3 Be6 11. Be3 c4 12. Nd4 Bf7 13. dxc4 Bb4 14. 0-0-0 Bxc3 15. bxc3 Ne7 16. Nb3 0-0 17. c5 Rae8 18. Rhe1 Ng6 19. Rd4 Re7 20. Na5 Rfe8 21. Bd2 Nh4 22. Rb4 Bg6 23. e5 Nf3 24. Re3 Nxd2 25. Kxd2 fxe5 26. Rxe5 Rxe5 27. fxe5 Rxe5 28. Nxb7 h5 29. Rd4 Kh7 30. h4 Bf7 31. c4 g5 32. hxg5 Rxg5 33. Ke3 Rg2 34. c3 Rc2 35. Rd7 Kg8 36. Nd6 Be6 0-1